000 01134nam0a2200325 4500
001 RU\NLR\bibl\1398352
005 20250615203213.0
010 _a978-5-389-00478-8
_918000
021 _aRU
_b2009-43410
_92638
035 _a(nilc)RSL-KNO-004336343
035 _a(NLR Aleph) 001390368
090 _a1158245
_c1158245
100 _a20090529d2009 |||y0rusy50 ca
101 1 _arus
_ceng
102 _aRU
105 _aa zzzz|||||
200 1 _aИзобретения
_e[для младшего школьного возраста
_fРоберт Коуп
_gпер. с англ.: А.В. Тихонов]
210 _aМосква
_cМахаон
_d2009
215 _a31 с.
_cцв. ил.
_d23
225 1 _aЯ люблю читать!
_hуровень 3
_iЧитаю сам
_e7-8 лет
300 _aАвт. указан в вып. дан.
610 2 _aДетская литература
686 _aШ9:Ж(2)
_2rubbk
700 1 _aКоуп
_bР.
_gРоберт
_4070
801 0 _aRU
_bРГБ
_c20090529
_grcr
801 1 _aRU
_bРГБ
_c20090529
801 2 _aRU
_bNLR
_c20090805
_grcr
942 _cBOOK
980 _aNB